000 00449nam a22001577a 4500
008 150219b xxu||||| |||| 00| 0 eng d
020 _a0912490071
050 _aQA28.F3 v.1
100 _aFang, Joong
_915435
245 _aMathematicians:
_bfrom antiquity to today
_c/ Joong Fang
250 _avol. 1
260 _aNew York
_bPAIDEIA Press
_c1972
300 _a341p.
_c24cm.
650 _aMathematicians
_xBiography
_915436
942 _2lcc
_cMONOGRAPH
999 _c122151
_d122151